[Event "ch-ROU m"]
[Site "Baile Olanesti ROU"]
[Date "2010.01.31"]
[Round "1"]
[White "Nevednichy,V"]
[Black "Dima,M"]
[Result "1-0"]
[WhiteElo "2574"]
[BlackElo "1973"]

1.e4 c5 2.Nf3 Nc6 3.Bb5 g6 4.c3 Bg7 5.d4 cxd4 6.cxd4 Qb6 7.Bxc6 bxc6 8.O-O Nf6
9.Nc3 O-O 10.b3 d6 11.h3 Rd8 12.Bb2 d5 13.e5 Ne4 14.Na4 Qa5 15.Qe1 Qxe1 16.Rfxe1 Bh6
17.Bc1 Bxc1 18.Rexc1 Bd7 19.Ne1 Rab8 20.Nd3 Ng5 21.Ndc5 Ne6 22.Rd1 Rb4 23.Nxe6 Bxe6
24.Rac1 Rc8 25.Rc5 Rb5 26.Rc3 Kf8 27.f3 Ke8 28.Kf2 Bd7 29.g4 Ra5 30.Rc2 Rb5
31.h4 Kf8 32.Ke3 f6 33.Nc5 Be8 34.f4 Kg8 35.Kd3 Rbb8 36.Re2 fxe5 37.Rxe5 Rc7  1-0

[Event "ch-ROU w"]
[Site "Baile Olanesti ROU"]
[Date "2010.01.31"]
[Round "1"]
[White "Baciu,A"]
[Black "Moldovan,Petruta Alisia"]
[Result "1-0"]
[WhiteElo "2163"]
[BlackElo "1741"]

1.e4 c5 2.Nf3 Nc6 3.Bb5 g6 4.Bxc6 bxc6 5.O-O Bg7 6.c3 e6 7.d4 cxd4 8.cxd4 d5
9.Nc3 Ne7 10.Bf4 O-O 11.Qd2 Bb7 12.Rfe1 Rc8 13.Bh6 c5 14.Bxg7 Kxg7 15.exd5 Nxd5
16.dxc5 Rxc5 17.Qd4+ Kg8 18.Qxc5 Nxc3 19.Qxc3  1-0

[Event "ch-UKR b18"]
[Site "Kyiv UKR"]
[Date "2010.01.31"]
[Round "8"]
[White "Skliarov,V"]
[Black "Bereziuk,Y"]
[Result "1-0"]
[WhiteElo "2068"]
[BlackElo "2072"]

1.e4 c5 2.Nf3 Nc6 3.Bb5 g6 4.O-O Bg7 5.Re1 a6 6.Bxc6 dxc6 7.d3 Bg4 8.h3 Bxf3
9.Qxf3 Nf6 10.e5 Nd5 11.e6 O-O 12.c3 f5 13.Nd2 Qc8 14.Nb3 b6 15.Bg5 Qc7 16.Rad1 h6
17.Bc1 Rad8 18.a3 Qc8 19.d4 c4 20.Nd2 c5 21.Nxc4 cxd4 22.Ne5 Qxe6 23.cxd4 Kh7
24.h4 Qd6 25.h5 g5 26.Bd2 e6 27.Qd3 Nf6 28.Bb4 Qd5 29.Bxf8 Rxf8 30.Qxa6 Nxh5
31.Qc4 Nf4 32.Qxd5 Nxd5 33.Rc1 Re8 34.Rc6 Kg8 35.Rec1 Bxe5 36.dxe5 Kf7 37.Rc8 Re7
38.g3 f4 39.gxf4 Nxf4 40.R1c7 Nd3 41.Rxe7+ Kxe7 42.Rb8 Nxb2 43.Rxb6 Nc4 44.Rb7+ Kd8
45.a4 Nxe5 46.a5 Kc8 47.a6 Nc6 48.Rh7 Kb8 49.Rxh6 Ka7 50.Rxe6 Nb4 51.Rg6 Nxa6
52.Rxg5 Kb7 53.f4 Kc7 54.Kf2 Kd8 55.Ke3 Ke8 56.Ke4 Nc7 57.Ke5 Kf7 58.f5 Ne8
59.f6 Kf8 60.Rg1 Nc7 61.Rb1 Kg8 62.Rb8+  1-0

[Event "15th HIT Open A"]
[Site "Nova Gorica SLO"]
[Date "2010.01.31"]
[Round "2"]
[White "Ceschia,I"]
[Black "Gjuran,D"]
[Result "0-1"]
[WhiteElo "2279"]
[BlackElo "2358"]

1.e4 c5 2.Nf3 Nc6 3.Bb5 d6 4.O-O Bd7 5.Re1 e5 6.c3 a6 7.Bxc6 Bxc6 8.d4 Qc7
9.dxe5 dxe5 10.c4 Bd6 11.Nc3 Ne7 12.Nd5 Bxd5 13.exd5 O-O 14.Ng5 h6 15.Ne4 f5
16.Nxd6 Qxd6 17.f4 e4 18.Be3 Rac8 19.Qd2 Rf6 20.Rad1 b6 21.a3 a5 22.Rc1 a4
23.Red1 Ng6 24.Rc3 Ra8 25.Rb1 Ra6 26.b4 axb3 27.Rcxb3 Nf8 28.Qb2 Nd7 29.Bd2 Rg6
30.Rg3 Rxg3 31.hxg3 Qe7 32.Bc3 Ra4 33.Qb3 Ra7 34.Bb2 Qd6 35.Qc3 Qg6 36.Qb3 Qd6
37.Bc3 Kh7 38.Ba1 Kg8 39.Qc3 Qg6 40.d6 Ra8 41.Rb3 Re8 42.Qd2 Qe6 43.Qd5 Qxd5
44.cxd5 Ra8 45.Kf2 Ra5 46.Be5 Kf7 47.Ke3 h5 48.Bc3 Ra6 49.Bb2 Ra4 50.Kd2 Rc4
51.Bc3 g6 52.Bb2 Ke8 53.Bc3 Kd8 54.Bb2 Kc8 55.Bc3 Kb7 56.Rb2 Ka6 57.Rb3 b5
58.Ke2 Kb6 59.Kd2 Ra4 60.Bb2 Ka6  0-1

[Event "Georgi Tringov Mem"]
[Site "Plovdiv BUL"]
[Date "2010.02.01"]
[Round "3"]
[White "Dimitrov,Pa"]
[Black "Spasov,V"]
[Result "0-1"]
[WhiteElo "2361"]
[BlackElo "2587"]

1.e4 c5 2.Nf3 Nc6 3.Bb5 Nf6 4.Bxc6 dxc6 5.d3 Bg4 6.Nbd2 Nd7 7.h3 Bh5 8.Nc4 Qc7
9.a4 e5 10.b3 f6 11.Ne3 O-O-O 12.Qe2 Bd6 13.Nf5 Nf8 14.Ng3 Bf7 15.Nf5 Ne6
16.Nd2 Bf8 17.Nc4 h5 18.h4 g6 19.Nfe3 Nd4 20.Qd1 f5 21.Bd2 Bh6 22.Qc1 Rhf8
23.Nf1 Bf4 24.Bxf4 exf4 25.Nfd2 fxe4 26.Nxe4 Bd5 27.Ncd2 f3 28.g3 Qe5 29.Ra2 Rfe8
30.Qb2 Qf5 31.Kf1 Bxe4 32.Nxe4 Rxe4 33.dxe4 Nxb3 34.Qb1 Qxe4 35.Kg1 Rd2 36.Qf1 Re2
37.cxb3 Rxa2 38.Kh2 Kc7 39.Qc4 Rxf2+ 40.Kh3 Qxc4 41.bxc4 Rc2 42.Rf1 Rxc4
43.Rxf3 Rxa4 44.Rf7+ Kb6 45.Rf6 Rg4 46.Kg2 a5 47.Rf3 a4 48.Kf2 Ka5 49.Rf7 b5
50.Ra7+ Kb6 51.Ra8 Kb7 52.Re8 a3 53.Re7+ Kb6 54.Re3 Ra4 55.Re1 a2  0-1

[Event "15th HIT Open A"]
[Site "Nova Gorica SLO"]
[Date "2010.02.02"]
[Round "4"]
[White "Gombac,Jan"]
[Black "Srebrnic,M"]
[Result "1-0"]
[WhiteElo "2310"]
[BlackElo "2322"]

1.e4 c5 2.Nf3 Nc6 3.Bb5 g6 4.Bxc6 dxc6 5.d3 Bg7 6.h3 e5 7.Be3 Qe7 8.Qd2 Nf6
9.Bh6 O-O 10.Nc3 Ne8 11.Ne2 f6 12.Bxg7 Nxg7 13.Nh2 Ne6 14.f4 exf4 15.Nxf4 Qd6
16.Ne2 Nd4 17.Nxd4 Qxd4 18.c3 Qd6 19.O-O Be6 20.Nf3 Rad8 21.Rad1 Bxa2 22.Qe3 Be6
23.Nh4 Qe5 24.Kh1 Qg5 25.Rf4 Rd7 26.Rdf1 Rdf7 27.R1f3 Qe5 28.Rg3 Rg7 29.Nf3 Qc7
30.e5 fxe5 31.Rxf8+ Kxf8 32.Qxc5+ Kg8 33.Nxe5 Re7 34.d4 Bd5 35.Qxa7 c5 36.Qa8+ Kg7
37.Qa1 cxd4 38.cxd4 Qc2 39.b4 Rc7 40.Kh2 Qe4 41.Qa5 Rc2 42.Nf3 Rc6 43.Qd8 Rf6
44.Qd7+ Kg8 45.Ng5 Qxd4 46.Qxh7+ Kf8 47.Qh8+ Ke7 48.Qg7+ Kd8 49.Nh7 Rf4 50.Qxg6 Qxb4
51.Rd3 Rf1 52.Rxd5+ Kc7 53.Qg7+ Kc6 54.Qd7+ Kb6 55.Qd6+  1-0

[Event "8th Gibtelecom Masters"]
[Site "Caleta ENG"]
[Date "2010.02.03"]
[Round "9"]
[White "Sedina,E"]
[Black "Sarkar,J"]
[Result "0-1"]
[WhiteElo "2335"]
[BlackElo "2378"]

1.e4 c5 2.Nf3 Nc6 3.Bb5 Nf6 4.Nc3 g6 5.h3 Bg7 6.e5 Ng8 7.Bxc6 dxc6 8.d3 Nh6
9.Be3 Qa5 10.g4 f5 11.exf6 exf6 12.Nd2 O-O 13.Nb3 Qc7 14.Qd2 Nf7 15.Nxc5 f5
16.gxf5 Bxf5 17.O-O-O Rad8 18.Bf4 Qb6 19.Nb3 Rfe8 20.Be3 Qc7 21.d4 b6 22.Qe2 Qc8
23.Qf3 c5 24.dxc5 Bxc3 25.Rxd8 Nxd8 26.bxc3 Be4 27.Qd1 Bxh1 28.Qxh1 bxc5
29.Qd5+ Nf7 30.Nxc5 Qxh3 31.Nb3 h5 32.Bd4 Qe6 33.Qf3 Nd6 34.Be3 Nc4 35.Nd4 Qe4
36.Qf6 Qh1+  0-1

[Event "2nd Chennai Open"]
[Site "Chennai IND"]
[Date "2010.02.03"]
[Round "11"]
[White "Ramesh,R"]
[Black "Ganesh,Ba"]
[Result "1-0"]
[WhiteElo "2482"]
[BlackElo "2149"]

1.e4 c5 2.Nf3 Nc6 3.Bb5 g6 4.O-O Bg7 5.Re1 Nf6 6.e5 Nd5 7.Nc3 Nc7 8.Bxc6 dxc6
9.Ne4 b6 10.Nf6+ Kf8 11.Ne4 Bg4 12.d3 h6 13.Ned2 Qd5 14.h3 Bxf3 15.Nxf3 Rd8
16.b3 Ne6 17.Bb2 Kg8 18.Re4 Kh7 19.Qe2 Rhf8 20.Re1 Qd7 21.a4 a5 22.Bc1 Rh8
23.Be3 Qc7 24.g3 Rd5 25.Kg2 Bxe5 26.c4  1-0

[Event "ch-UKR b18"]
[Site "Kyiv UKR"]
[Date "2010.02.03"]
[Round "11"]
[White "Skliarov,V"]
[Black "Bogdanovich,S"]
[Result "0-1"]
[WhiteElo "2068"]
[BlackElo "2386"]

1.e4 c5 2.Nf3 Nc6 3.Bb5 e6 4.O-O Nge7 5.c3 a6 6.Ba4 b5 7.Bc2 d5 8.e5 c4 9.d4 cxd3
10.Qxd3 Ng6 11.Re1 Qc7 12.Qe2 Be7 13.Nbd2 Nf4 14.Qe3 g5 15.Nb3 Bb7 16.Nbd4 Nxd4
17.Nxd4 Rc8 18.Bd2 Bc5 19.b4 Bxd4 20.Qxd4 Qc4 21.Qxc4 Rxc4 22.Bb3 Rc7 23.f3 h6
24.Rab1 Kd7 25.g3 Ng6 26.Kf2 Rhc8 27.Rbc1 Ne7 28.Ke3 Nf5+ 29.Kd3 Ke8 30.Rf1 Rd7
31.a3 a5 32.bxa5 Ba6 33.Kc2 Nd4+ 34.Kb2 Nc6 35.f4 g4 36.Rh1 Nxa5 37.Be3 Bb7
38.Bd4 Nc4+ 39.Bxc4 dxc4 40.Rhd1 Be4 41.Ra1 Bd3 42.Bf2 Kf8 43.Rd2 Kg7 44.Re1 Kg6
45.Ra1 Kf5 46.Re1 Rc6 47.Bg1 Rd8 48.Bf2 Rdc8 49.Rdd1 Re8 50.Rd2 Rf8 51.Rdd1 Rh8
52.Rd2 Rg8 53.Rdd1 Ra8 54.Ra1 Rd8 55.Rad1 Rd5 56.Rd2 Ra6 57.Rdd1 Ra4 58.Rd2 Ra8
59.Rdd1 Rb8 60.Rd2 Re8 61.Rdd1 Rf8 62.Rd2 Rg8 63.Rdd1 Kg6 64.Rd2 Rf8 65.Rdd1 Re8
66.Rd2 Re7 67.Rdd1 Red7 68.Rd2 Rd8 69.Rdd1 Rc8 70.Rd2 Rc6 71.Rdd1 Rc7 72.Rd2 Rb7
73.Rdd1 Rb8 74.Rd2 Ra8 75.Rdd1 Ra4 76.Rd2 Ra6 77.Rdd1 Rc6 78.Rd2 Rd7 79.Rdd1 Rc8
80.Rd2 Rb7 81.Rdd1 Rbc7 82.Rd2 Rc6 83.Rdd1 Ra6 84.Ra1 Rac6 85.Rad1 Kf5 86.Rd2 Rd8
87.Rdd1 Rd5 88.Rd2 h5 89.Rdd1 Rc8 90.Rd2 Rb8 91.Rdd1 Ra8 92.Rd2 Rh8 93.Rdd1 Rh6
94.Rd2 Rh7 95.Rdd1 h4 96.Rd2 hxg3 97.Bxg3 Rh8 98.Rdd1 Rhd8 99.Kc1 Ra8 100.Kb2 Rad8
101.Kc1 Be4 102.Rxd5 exd5 103.Rd1 Bd3 104.Kb2 d4 105.cxd4 Rxd4 106.Kc3 Rd8
107.Ra1 Ra8 108.Kb4 Ke4 109.f5 Kxf5 110.Kxb5 Ke4 111.e6 fxe6 112.Re1+ Kd4
113.Rxe6 Rxa3 114.Rd6+ Kc3 115.Be5+ Kc2 116.Rd4 c3+ 117.Kb4 Rb3+ 118.Ka4 Rb5
119.Bf6 Rf5 120.Bg7 Rg5 121.Bf6 Rg6 122.Be5 Kd2 123.Bf4+ Ke2 124.Rd8 c2 125.Kb3 Rb6+
126.Kc3 Rc6+ 127.Kb2 c1=B+ 128.Bxc1 Rc2+ 129.Kb1 Rc8+ 130.Rxd3 Kxd3 131.Bf4 Ke4  0-1

[Event "Georgi Tringov Mem"]
[Site "Plovdiv BUL"]
[Date "2010.02.03"]
[Round "5"]
[White "Nadj Hedjesi,B"]
[Black "Gochev,M"]
[Result "1-0"]
[WhiteElo "2415"]
[BlackElo "2248"]

1.e4 c5 2.Nf3 Nc6 3.Bb5 Nf6 4.e5 Nd5 5.Nc3 Nc7 6.Bxc6 dxc6 7.h3 Bf5 8.O-O e6
9.d3 h6 10.b3 Nb5 11.Nxb5 cxb5 12.a4 c4 13.bxc4 bxc4 14.d4 Be4 15.Re1 Bd5
16.c3 Qd7 17.Nd2 Qc6 18.Qg4 h5 19.Qg3 Rh6 20.f3 Rg6 21.Qf4 f5 22.exf6 gxf6
23.Ne4 O-O-O 24.Ba3 Bh6 25.Qh2 Rdg8 26.Ra2 Bxe4 27.Rxe4 Rg3 28.Rae2 e5 29.dxe5 f5
30.Rg4 Qb6+ 31.Kf1 Qb1+ 32.Kf2 hxg4 33.hxg4 Bf4 34.Qh7 Qb6+ 35.Kf1 Qg6 36.Qxg6 Rxg6
37.gxf5 Rh6 38.e6 Rg8 39.Re4 Bg5 40.Rxc4+ Kd8 41.Rd4+ Kc7 42.Ke2 Bf6 43.Rc4+ Kd8
44.g4 Rh2+ 45.Ke3 Rc2 46.Kd3 Rf2 47.Ke3 Rc2 48.Bb4 Rh8 49.Kf4 Rh3 50.e7+ Bxe7
51.Rd4+ Kc7 52.Bxe7 Rxc3 53.Kg5 Rcxf3 54.Kg6 Rd3 55.Rc4+ Kd7 56.f6 Rhf3 57.g5 Rd1
58.Kg7 Rg1 59.Kg6 Re1 60.Rd4+ Kc6 61.Kf7 a6 62.g6 Rg1 63.g7  1-0

[Event "15th HIT Open A"]
[Site "Nova Gorica SLO"]
[Date "2010.02.06"]
[Round "9"]
[White "Tonel,G"]
[Black "Ceschia,I"]
[Result "0-1"]
[WhiteElo "2004"]
[BlackElo "2279"]

1.e4 c5 2.Nf3 Nc6 3.Bb5 g6 4.Bxc6 dxc6 5.h3 Bg7 6.d3 Nf6 7.O-O O-O 8.Nc3 Nd7
9.Be3 e5 10.a3 Qe7 11.Qb1 f5 12.b4 f4 13.Bxc5 Nxc5 14.bxc5 g5 15.Na4 g4 16.hxg4 Bxg4
17.Nh2 Bh5 18.f3 Bf6 19.Rf2 Bh4 20.Rd2 Kh8 21.c3 Rg8 22.d4 Bg3 23.Qd1 Bxh2+
24.Kxh2 Rg3 25.Rf2 Rag8 26.Raa2 Qh4+ 27.Kg1 Rh3 28.Rf1 Rh1+  0-1

[Event "4th SOP-SMAOK Open"]
[Site "Athens GRE"]
[Date "2010.02.09"]
[Round "5"]
[White "Anairousis,P"]
[Black "Nikomanis,A"]
[Result "0-1"]
[WhiteElo "2051"]
[BlackElo "1936"]

1.e4 c5 2.Nf3 Nc6 3.Bb5 g6 4.O-O Bg7 5.Re1 e5 6.Nc3 Nge7 7.Bxc6 Nxc6 8.Nd5 O-O
9.d3 d6 10.Bg5 f6 11.Bh4 Be6 12.Ne3 Qd7 13.Nd2 f5 14.f3 Kh8 15.c4 Bh6 16.Bf2 Bxe3
17.Bxe3 f4 18.Bf2 Rg8 19.Kf1 h5 20.Ke2 g5 21.h3 Rg6 22.Rh1 Rag8 23.Nb1 Kg7
24.Qg1 Kf8 25.Qh2 g4 26.hxg4 hxg4 27.Qh7 gxf3+ 28.gxf3 R8g7 29.Qh8+ Bg8 30.Nd2 Nd4+
31.Bxd4 cxd4 32.Raf1 Qa4 33.Rf2 Qc2 34.Qh4 Ke8 35.Qh5 Kd7 36.a3 Rg1 37.Qh3+ Be6
38.Rxg1 Rxg1 39.Qh7+ Kc6  0-1

[Event "TCh-Eur Seniors"]
[Site "Dresden GER"]
[Date "2010.02.10"]
[Round "1"]
[White "Westerinen,H"]
[Black "Walther,D"]
[Result "1/2-1/2"]
[WhiteElo "2333"]
[BlackElo "2154"]

1.e4 c5 2.Nf3 Nc6 3.Bb5 g6 4.O-O Bg7 5.Re1 e5 6.Nc3 Nge7 7.Nd5 O-O 8.c3 d6
9.Nxe7+ Qxe7 10.Bxc6 bxc6 11.d4 cxd4 12.cxd4 Bg4 13.dxe5 Bxe5 14.h3 Bxf3
15.Qxf3 Rfb8  1/2-1/2

[Event "TCh-Eur Seniors"]
[Site "Dresden GER"]
[Date "2010.02.11"]
[Round "2"]
[White "Rooze,J"]
[Black "Baumbach,F"]
[Result "1/2-1/2"]
[WhiteElo "2271"]
[BlackElo "2261"]

1.e4 c5 2.Nf3 Nc6 3.Bb5 g6 4.O-O Bg7 5.c3 Nf6 6.d4 cxd4 7.cxd4 d5 8.Ne5 Qb6
9.Nc3 O-O 10.exd5 Nxd5  1/2-1/2

[Event "TCh-Eur Seniors"]
[Site "Dresden GER"]
[Date "2010.02.13"]
[Round "4"]
[White "Tseitlin,Ma"]
[Black "Liebert,H"]
[Result "1/2-1/2"]
[WhiteElo "2404"]
[BlackElo "2255"]

1.e4 c5 2.Nf3 Nc6 3.Bb5 g6 4.Bxc6 dxc6 5.d3 Bg7 6.Nbd2 Nf6 7.Nc4 O-O 8.O-O Ne8
9.h3 Nc7 10.Be3 Ne6 11.Qc1 Nd4 12.Bh6 Be6 13.Nxd4 cxd4 14.Bxg7 Kxg7 15.Nd2 c5
16.f4 f6 17.a4 Bg8 18.Nf3 Rc8 19.b3 b6 20.Qe1 Qd6 21.Qg3 Kh8 22.h4 Bf7 23.Rfe1 Rce8
24.e5 Qc6 25.Re2 Bd5 26.Nd2 f5 27.Rae1 h5 28.Qg5 Kg7 29.Nf1 Qe6 30.Ng3 Rh8
31.Nf1 a5 32.Nh2 Rhf8 33.Nf3 Qc6 34.Qg3 e6 35.Ng5 Qd7 36.Ra1 Qe7 37.Nf3 Rd8
38.Nd2 Rb8 39.Nc4 Rfd8 40.Ree1 Kh7 41.Nd6 Bc6 42.Qf2 Bd5 43.Rec1 Kg7 44.c3 dxc3
45.Rxc3 Ba8 46.Rd1 Rxd6 47.exd6 Qxd6 48.d4 Be4 49.Rcc1 Rd8 50.dxc5 Qxd1+
51.Rxd1 Rxd1+ 52.Kh2 bxc5 53.Qxc5 Rd5 54.Qe7+ Kg8 55.Qxe6+ Kg7 56.Qe7+  1/2-1/2

[Event "TCh-Eur Seniors"]
[Site "Dresden GER"]
[Date "2010.02.14"]
[Round "5"]
[White "Watzka,H"]
[Black "Krieger,H"]
[Result "1/2-1/2"]
[WhiteElo "2296"]
[BlackElo "2257"]

1.e4 c5 2.Nf3 Nc6 3.Bb5 g6 4.Bxc6 dxc6 5.d3 Bg7 6.Nbd2 Nf6 7.Nc4 O-O 8.O-O Be6
9.Qe2 h6 10.a4 Qc7 11.h3 Rfd8 12.Ne3 a5 13.Bd2 Nh5 14.Nd1 b6  1/2-1/2

[Event "TCh-Eur Seniors"]
[Site "Dresden GER"]
[Date "2010.02.14"]
[Round "5"]
[White "Simon Padros,E"]
[Black "Siegmund,R"]
[Result "1-0"]
[WhiteElo "2229"]
[BlackElo "2134"]

1.e4 c5 2.Nf3 Nc6 3.Bb5 g6 4.O-O Bg7 5.c3 Nf6 6.Re1 O-O 7.d4 cxd4 8.cxd4 d5
9.e5 Ne4 10.Nc3 Nxc3 11.bxc3 Na5 12.Bg5 Qc7 13.Rc1 a6 14.Bd3 Bg4 15.h3 Bxf3
16.Qxf3 e6 17.Qg4 Rfc8 18.h4 Qd7 19.h5 Rc6 20.Re3 Rac8 21.Rh3 b5 22.hxg6 fxg6
23.Qh4 Bf8 24.Bxg6 R8c7 25.Bd8  1-0

[Event "TCh-Eur Seniors"]
[Site "Dresden GER"]
[Date "2010.02.15"]
[Round "6"]
[White "Fritsch,J"]
[Black "Bernhoeft,E"]
[Result "1/2-1/2"]
[WhiteElo "1949"]
[BlackElo "2024"]

1.e4 c5 2.Nf3 Nc6 3.Bb5 Na5 4.O-O a6 5.Be2 e6 6.d4 cxd4 7.Nxd4 Qc7 8.Nc3 Nf6
9.Bg5 Be7 10.f4 h6 11.Bxf6 gxf6 12.Kh1 Nc4 13.Bxc4 Qxc4 14.Nce2 b5 15.b3 Qc7
16.a4 b4 17.Qd3 Bb7 18.Rac1 d5 19.exd5 Bxd5 20.c4 Bb7 21.Qh3 Qc5 22.Rcd1 Rg8
23.Ng3 Rd8  1/2-1/2

[Event "TCh-Eur Seniors"]
[Site "Dresden GER"]
[Date "2010.02.16"]
[Round "7"]
[White "Jongsma,Alexander"]
[Black "Nagorni,W"]
[Result "1-0"]
[WhiteElo "2184"]
[BlackElo "2093"]

1.e4 c5 2.Nf3 Nc6 3.Bb5 g6 4.O-O Bg7 5.c3 Nf6 6.Re1 O-O 7.d4 d5 8.exd5 Nxd5
9.dxc5 Bg4 10.h3 Bxf3 11.Qxf3 Ne5 12.Qe2 e6 13.c4 Nc7 14.Bf4 f6 15.Rd1 Qc8
16.Bxe5 Nxb5 17.cxb5 fxe5 18.Qc4 Rf4 19.Qc2 Qc7 20.Nd2 Rc8 21.Ne4 Bf8 22.Rac1 Be7
23.g3 Rff8 24.Qc4 Kf7 25.Rd3 Rcd8 26.Rf3+ Kg7 27.Rxf8 Rd4 28.Qxe6 Kxf8 29.Nf6 Bxf6
30.Qxf6+ Kg8 31.Rc3 Rd8 32.b6 Qd7 33.bxa7 Ra8 34.Qd6 Qe8 35.Qd5+ Qf7 36.Qxf7+ Kxf7
37.Ra3 Ke6 38.b4 Kd5 39.Ra5 Kc6 40.Kf1  1-0

[Event "TCh-Eur Seniors"]
[Site "Dresden GER"]
[Date "2010.02.16"]
[Round "7"]
[White "Tseshkovsky,V"]
[Black "Danner,G"]
[Result "1-0"]
[WhiteElo "2554"]
[BlackElo "2429"]

1.e4 c5 2.Nf3 Nc6 3.Bb5 g6 4.O-O Bg7 5.Bxc6 dxc6 6.d3 b6 7.Nbd2 e5 8.Nc4 f6
9.a4 a5 10.Be3 Nh6 11.b4 axb4 12.a5 bxa5 13.Bxc5 Bf8 14.Bb6 Qe7 15.Nxa5 Ra6
16.Nc4 Nf7 17.Nfd2 Qb7 18.Rxa6 Qxa6 19.Qa1 Qxa1 20.Rxa1 Be7 21.Ra7 Rf8 22.Nb3 Be6
23.Nca5 Bxb3 24.Nxc6 Bd6 25.cxb3 Ng5 26.Na5 Rf7 27.Ra8+ Kd7 28.Nc4 Bf8 29.Be3 Ne6
30.g3 Bc5 31.Kf1 Bxe3 32.fxe3 Nc5 33.d4 exd4 34.exd4 Nb7 35.Ra7 Kd8 36.Kf2 Rd7
37.Ke3 h5 38.Nb6 Rh7 39.Ra8+ Kc7 40.Nd5+ Kc6 41.Ra6+ Kb5 42.Rxf6 g5 43.Rb6+ Ka5
44.Rxb4  1-0

[Event "TCh-Eur Seniors"]
[Site "Dresden GER"]
[Date "2010.02.17"]
[Round "8"]
[White "Lyly,S"]
[Black "Wuensch,U"]
[Result "0-1"]
[WhiteElo "1991"]
[BlackElo "2101"]

1.e4 c5 2.Nf3 Nc6 3.Bb5 Nd4 4.Nxd4 cxd4 5.O-O g6 6.Re1 Bg7 7.d3 Nf6 8.Bg5 O-O
9.e5 Nd5 10.Bc4 Nc7 11.Nd2 Ne6 12.Bh4 d6 13.Nf3 d5 14.Bb3 b6 15.Qd2 a5 16.a4 Bb7
17.Re2 Rc8 18.Rae1 h6 19.h3 Qd7 20.Bg3 Rc7 21.Nh4 Rcc8 22.f4 g5 23.Nf3 gxf4
24.Bxf4 Kh7 25.Bg3 Bc6 26.Nh4 Nc5 27.Qf4 Bxa4 28.Bxa4 Nxa4 29.Nf5 Nc5 30.Qg4 Rg8
31.Qh5 Qe6 32.Bh4 Rce8 33.Nxd4 Qg6 34.Qf5 e6 35.Qxg6+ Kxg6 36.Rf1 Nd7 37.Nc6 f5
38.Ne7+ Rxe7 39.Bxe7 Nxe5 40.Rfe1 Kf7 41.Ba3 Ng6 42.Rxe6 Bd4+ 43.Kh1 Bf2
44.R1e2 Bh4 45.Rxb6 Nf4 46.Rd2 Re8 47.Rd1 Re2 48.c4 Nxg2 49.Bd6 f4 50.Rf1 Bg3
51.Bxf4 Nxf4 52.c5 Ke7 53.d4 Rh2+  0-1

[Event "Open"]
[Site "Novy Bor CZE"]
[Date "2010.02.17"]
[Round "6"]
[White "Braun,Mare"]
[Black "Martinec,J"]
[Result "1-0"]
[WhiteElo "2122"]
[BlackElo "1829"]

1.e4 c5 2.Nf3 Nc6 3.Bb5 e6 4.O-O Nge7 5.Re1 a6 6.Bf1 d5 7.exd5 Nxd5 8.d4 cxd4
9.Nxd4 Qd7 10.Nxc6 Qxc6 11.c4 Nf6 12.Nc3 Be7 13.Qb3 O-O 14.g3 Bc5 15.Na4 Bd4
16.Bg2 Qc7 17.Be3 Bxe3 18.Rxe3 Rb8 19.Nb6 Nd7 20.Nxc8 Rfxc8 21.Rc3 Nc5 22.Qc2 Rd8
23.b4 Nd7 24.c5 Nf6 25.Rc1 g6 26.Rc4 Qe5 27.a3 Rd7 28.Qc3 Qxc3 29.R4xc3 Rbd8
30.Bf3 Nd5 31.Rc4 Kf8 32.c6 bxc6 33.Rxc6 Rd6 34.Be2 a5 35.bxa5 R6d7 36.a6 Ra7
37.Rb1 Rda8 38.Rb7 Ke8 39.Bb5 Kf8 40.a4 h5 41.h4 Kg7 42.Rxe6 Rxb7 43.axb7 Rb8
44.Rd6  1-0

[Event "TCh-Eur Seniors"]
[Site "Dresden GER"]
[Date "2010.02.18"]
[Round "9"]
[White "Schroeter,He"]
[Black "Meier,Wolfgang1"]
[Result "1/2-1/2"]
[WhiteElo "2110"]
[BlackElo "2199"]

1.e4 c5 2.Nf3 Nc6 3.Bb5 g6 4.O-O Bg7 5.c3 Nf6 6.Re1 O-O 7.d4 cxd4 8.cxd4 a6
9.Qa4 Rb8 10.Bf1 d5 11.e5 Ne8 12.Bf4 Nc7 13.Nc3 b5 14.Qc2 Ne6 15.Ne2 Qb6
16.Qd2 Bb7 17.Rac1 Rbc8 18.Red1 Na5 19.b3 Rxc1 20.Rxc1 Rc8 21.Bh6 Rxc1 22.Qxc1 Nc6
23.Bxg7 Nxg7 24.Qc3  1/2-1/2

[Event "Brazil Open"]
[Site "Rio de Janeiro BRA"]
[Date "2010.02.21"]
[Round "5"]
[White "Dos Santos,B"]
[Black "Matsuura,E"]
[Result "0-1"]
[WhiteElo "2040"]
[BlackElo "2467"]

1.e4 c5 2.Nf3 Nc6 3.Bb5 d6 4.Bxc6+ bxc6 5.O-O Bg4 6.Re1 e5 7.h3 Bh5 8.d3 Nf6
9.Nbd2 Be7 10.Nf1 O-O 11.Ng3 Bg6 12.Nh4 Ne8 13.Nhf5 Nc7 14.c3 Bf6 15.Qg4 Kh8
16.h4 Bxf5 17.Nxf5 g6 18.Nh6 Bxh4 19.g3 Be7 20.Kg2 Qc8 21.Qf3 Qe6 22.g4 Qf6
23.Qg3 Ne6 24.Rh1 Rab8 25.b3 Rb7 26.Be3 Bd8 27.Rh2 Nf4+ 28.Bxf4 Qxf4 29.Qh3 f6
30.Rah1 d5 31.exd5 cxd5 32.Qe3 Qxe3 33.fxe3 f5 34.gxf5 gxf5 35.Rh5 Rg7+ 36.Kf2 Bg5
37.Ke2 Rf6 38.e4 fxe4 39.dxe4 dxe4 40.Rf1 Bf4 41.Nf5 Rg2+ 42.Rf2 Rxf2+ 43.Kxf2 Ra6
44.a4 Rb6 45.Ne7 Rxb3 46.Ng6+ Kg7 47.Nxf4 exf4 48.Rxc5  0-1

[Event "Reykjavik Open"]
[Site "Reykjavik ISL"]
[Date "2010.02.28"]
[Round "6"]
[White "Sigurdsson,Sv"]
[Black "Kjartansson,Dag"]
[Result "1-0"]
[WhiteElo "2016"]
[BlackElo "1485"]

1.e4 c5 2.Nf3 Nc6 3.Bb5 e6 4.O-O g6 5.c3 Nge7 6.d4 cxd4 7.cxd4 d5 8.Nc3 Bg7
9.Bg5 O-O 10.e5 Bd7 11.Qd2 a6 12.Bxc6 Bxc6 13.h3 Rc8 14.Nh2 Qc7 15.Ng4 Kh8
16.Nf6 Ng8 17.Ng4 f6 18.exf6 Bxf6 19.Bf4 Qe7 20.Rfe1 Bd7 21.Nxd5  1-0

[Event "Reykjavik Open"]
[Site "Reykjavik ISL"]
[Date "2010.03.02"]
[Round "8"]
[White "Bjarnason,S"]
[Black "Karlsson,M"]
[Result "1/2-1/2"]
[WhiteElo "2164"]
[BlackElo "1714"]

1.e4 c5 2.Nf3 Nc6 3.Bb5 g6 4.O-O Bg7 5.c3 e6 6.Re1 Nge7 7.d4 cxd4 8.cxd4 d5
9.e5 O-O 10.Bg5 h6 11.Be3 Qb6 12.Nc3 Nf5 13.Qd2 Bd7 14.Bd3 Nxe3 15.fxe3 Nb4
16.Bf1 Rfc8 17.a3 Nc6 18.b4 Be8 19.Kh1 Bf8 20.Na4 Qd8 21.Nc5 b6 22.Na6 Ne7
23.Rec1 Nf5 24.b5 Rxc1 25.Qxc1 Rc8 26.Qd2  1/2-1/2

[Event "TCh-NED 2009-10"]
[Site "Netherlands NED"]
[Date "2010.03.06"]
[Round "7"]
[White "Willemze,T"]
[Black "Potze,R"]
[Result "1-0"]
[WhiteElo "2391"]
[BlackElo "2132"]

1.e4 c5 2.Nf3 Nc6 3.Bb5 e6 4.Bxc6 dxc6 5.O-O Nf6 6.d3 Be7 7.Bg5 Qc7 8.e5 Nd5
9.c4 Nb4 10.h4 h6 11.Bxe7 Qxe7 12.a3 Na6 13.Nc3 O-O 14.Ne4 Rd8 15.Qd2 Nb8
16.Qf4 Nd7 17.Rad1 b5 18.Rfe1 Ba6 19.b3 Rab8 20.Re3 Nf8 21.Rc1 Rb7 22.h5 Nh7
23.Nd6 Rc7 24.Ne4 Rcd7 25.cxb5 Bxb5 26.Nxc5 Rd5 27.d4 Ng5 28.a4 Nxf3+ 29.Qxf3 Rxd4
30.axb5 R8d5 31.Nd3 Qa3 32.Rxc6 Qxb3 33.Rc7 Rd7 34.Rxd7 Rxd7 35.Qa8+ Kh7
36.Qe4+ Kg8 37.Kh2 Qxb5 38.Rg3  1-0

[Event "11th EICC Women"]
[Site "Rijeka CRO"]
[Date "2010.03.06"]
[Round "1"]
[White "Melia,S"]
[Black "Videnova,I"]
[Result "1-0"]
[WhiteElo "2467"]
[BlackElo "2258"]

1.e4 c5 2.Nf3 Nc6 3.Bb5 Nf6 4.Nc3 g6 5.h3 Bg7 6.e5 Ng8 7.Bxc6 dxc6 8.d3 Nh6
9.g4 Qb6 10.Qe2 O-O 11.b3 f5 12.g5 Nf7 13.Bb2 Qc7 14.O-O-O Nxe5 15.Nb5 Nxd3+
16.Rxd3 Bxb2+ 17.Kxb2 cxb5 18.Re3 Bd7 19.h4 Bc6 20.h5 Bxf3 21.Rxf3 e5 22.hxg6 hxg6
23.Rfh3 Qg7 24.Qxb5 e4+ 25.Kb1 Rf7 26.Qc4 Rf8 27.Qe6  1-0

[Event "FSGM March"]
[Site "Budapest HUN"]
[Date "2010.03.09"]
[Round "4"]
[White "Varga,Zo"]
[Black "Yu Lie"]
[Result "1/2-1/2"]
[WhiteElo "2483"]
[BlackElo "2407"]

1.e4 c5 2.Nf3 Nc6 3.Bb5 e6 4.O-O Nge7 5.Re1 a6 6.Bf1 d5 7.exd5 Nxd5 8.d4 Nf6
9.Be3 Be7 10.Nc3 cxd4 11.Nxd4 Nxd4 12.Bxd4 Bd7  1/2-1/2

[Event "26th ChessOrg Schachfestival"]
[Site "Bad Woerishofen GER"]
[Date "2010.03.14"]
[Round "9"]
[White "Mainka,R"]
[Black "Safyanowsky,M"]
[Result "1/2-1/2"]
[WhiteElo "2510"]
[BlackElo "2292"]

1.e4 c5 2.Nf3 Nc6 3.Bb5 Qc7 4.O-O a6 5.Bxc6 dxc6 6.h3 e5 7.d3 Ne7 8.Nbd2 Ng6
9.Nc4 a5 10.a4 Be7 11.Qe1 b6 12.Qc3 Bf6 13.Nh2 h5 14.Re1 Rb8 15.Nf1 h4 16.Nfe3 Nf4
17.Kh2 Kf8 18.Qd2 Be6 19.Qd1 Qd7 20.Qf3 g5 21.Ng4 Bxg4 22.Qxg4 Qxg4 23.hxg4 Ne6
24.Be3 Bd8 25.c3 Bc7 26.Reb1 Kg7 27.b4 axb4 28.cxb4 cxb4 29.Rxb4 b5 30.axb5 Rxb5
31.Rba4 Rb3 32.Ra6 Rxd3 33.Rxc6 Bb8 34.Rb1 Rdd8 35.Rb7 Rhe8 36.Bb6 Rc8 37.Rxc8 Rxc8
38.Ne3 Nd4 39.Nd5 Bd6 40.Rd7 Rc6 41.Bd8 Ne6 42.Ne3 Bc5 43.Nf5+ Kg6 44.Rd2  1/2-1/2

[Event "26th ChessOrg Schachfestival"]
[Site "Bad Woerishofen GER"]
[Date "2010.03.14"]
[Round "9"]
[White "Schweizer,Ma"]
[Black "Oud,N"]
[Result "1/2-1/2"]
[WhiteElo "2130"]
[BlackElo "2046"]

1.e4 c5 2.Nf3 Nc6 3.Bb5 Nf6 4.Bxc6 bxc6 5.d3 Qb6 6.c4 d6 7.h3 e5 8.Nc3 Be7
9.O-O O-O 10.Nh2 d5 11.f4 dxc4 12.dxc4 Be6 13.b3 Rad8 14.Qe2 exf4 15.e5 Nd7
16.Bxf4 Rfe8 17.Ne4 f6 18.Nf3 fxe5 19.Nxe5  1/2-1/2

[Event "IGM Apatin & Vukovar"]
[Site "Banja Junakovic/Vukovar SRB/CRO"]
[Date "2010.03.15"]
[Round "2"]
[White "Martinovic,Sl"]
[Black "Nurkic,S"]
[Result "1/2-1/2"]
[WhiteElo "2438"]
[BlackElo "2379"]

1.e4 c5 2.Nf3 Nc6 3.Bb5 g6 4.Bxc6 dxc6 5.d3 Bg7 6.h3 e5 7.Nc3 Qc7 8.Be3 b6
9.Qd2 Nf6 10.Bh6 O-O 11.O-O-O Be6 12.Bxg7 Kxg7 13.Qg5 Nd7 14.Nh2 f6 15.Qe3 b5  1/2-1/2

[Event "IGM Apatin & Vukovar"]
[Site "Banja Junakovic/Vukovar SRB/CRO"]
[Date "2010.03.16"]
[Round "4"]
[White "Kostic,VG"]
[Black "Nurkic,S"]
[Result "1/2-1/2"]
[WhiteElo "2419"]
[BlackElo "2379"]

1.Nf3 c5 2.e4 Nc6 3.Bb5 g6 4.Bxc6 dxc6 5.O-O Bg7 6.d3 e5 7.h3 Qc7 8.Nc3 Nf6
9.Be3 b6 10.Qd2 O-O 11.Bh6 Re8 12.Bxg7 Kxg7 13.Rae1 Nd7 14.Nh2 Nf8 15.f4 exf4  1/2-1/2